000 00391nam a2200157Ia 4500
008 221030s9999 xx 000 0 und d
020 _a0074630903
041 _aEnglish
082 _a105.23
_bDas
100 _aS. Das ( PR )
245 0 _aUNIX : Concepts & Applications ( PR )
_cby S. Das ( PR )
260 _bTMH
_aNew Delhi
_c1999
300 _a565
650 _aBE Computer
942 _cBK
999 _c2543
_d2543